LEADER 01691nas 2200505 a 450 001 996447952203316 005 20240413012210.0 011 $a1865-9373 035 $a(OCoLC)67618136 035 $a(CKB)954925384093 035 $a(CONSER) 2011233385 035 $a(DE-599)ZDB2418115-8 035 $a(EXLCZ)99954925384093 100 $a20060425a19559999 sy 101 0 $ager 135 $aurun|||||| 200 10$aBeitra?ge zur Geschichte der deutschen Sprache und Literatur 210 $aTu?bingen $cMax Niemeyer 300 $aThis West German edition claims to be the lawful successor to the periodical founded by Browne, Paul and Sievers, which was published in Halle, 1874-1979, and adopts the same vol. numbering. 311 $a0005-8076 606 $aGerman philology$vPeriodicals 606 $aGerman literature$vPeriodicals 606 $aGerman language$vPeriodicals 606 $aFilologie$2gtt 606 $aDuits$2gtt 606 $aGerman language$2fast$3(OCoLC)fst00941408 606 $aGerman literature$2fast$3(OCoLC)fst00941797 606 $aGerman philology$2fast$3(OCoLC)fst00941908 608 $aPeriodicals.$2fast 615 0$aGerman philology 615 0$aGerman literature 615 0$aGerman language 615 17$aFilologie. 615 17$aDuits. 615 7$aGerman language. 615 7$aGerman literature. 615 7$aGerman philology. 676 $a430 676 $a830 701 $aBoor$b Helmut de$f1891-1976.$0158022 701 $aSchro?bler$b Ingeborg$0412952 906 $aJOURNAL 912 $a996447952203316 996 $aBeitra?ge zur Geschichte der deutschen Sprache und Literatur$92554077 997 $aUNISA LEADER 02186nam0 2200385 i 450 001 RMG0108654 005 20251003044338.0 010 $a8888321527 020 $aIT$b2004-3715 100 $a20050225d2003 ||||0itac50 ba 101 | $aita 102 $ait 181 1$6z01$ai $bxxxe 182 1$6z01$an 200 1 $aˆLa ‰Corte europea dei diritti umani e l'esecuzione delle sue sentenze$eSIOI, Palazzetto Venezia, Roma, 6-7 giugno 2002 210 $aNapoli$cEditoriale scientifica$d°2003] 215 $a191 p.$d24 cm 225 | $aˆLa ‰comunità internazionale$i. Quaderni$i. Nuova serie$v7 300 $aAtti del Convegno 300 $aIn testa al front.: Società italiana per l'organizzazione internazionale. 410 0$1001RMG0020842$12001 $aˆLa ‰comunità internazionale$i. Quaderni$i. Nuova serie$v7$171202$aSocietà italiana per l'organizzazione internazionale$3CFIV006618 606 $aCorte europea dei diritti dell'uomo$2FIR$3CFIC119818$9E 676 $a341.242$9Diritto delle nazioni (Diritto internazionale) - Unione europea$v14 712 02$aSocietà italiana per l'organizzazione internazionale$3CFIV006618 791 02$aItalian society for international organization$3CFIV123616$zSocietà italiana per l'organizzazione internazionale 791 02$aS.I.O.I$c $3CFIV226697$zSocietà italiana per l'organizzazione internazionale 801 3$aIT$bIT-000000$c20050225 850 $aIT-BN0095 $aIT-NA0079 901 $bNAP BN$cMAGAZZINO $nmagazzini correnti divisi per anni 901 $bNAP 01$cPOZZO LIB.$nVi sono collocati fondi di economia, periodici di ingegneria e scienze, periodici di economia e statistica e altri fondi comprendenti documenti di economia pervenuti in dono. 912 $aRMG0108654 950 0$aBiblioteca Centralizzata di Ateneo$c1 v.$d 01POZZO LIB.ECON MON 2418$e 0101 0000057075E VMA 1 v. precedente collocazione sez. DASES B 0905$fB $h20090403$i20090403 977 $a 01$a BN 996 $aCorte europea dei diritti umani e l'esecuzione delle sue sentenze$966630 997 $aUNISANNIO